000 00691nam a22001937a 4500
999 _c20100
_d20100
003 AR-CdUCM
008 190527b ||||| |||| 00| 0 espa d
040 _aMUNICIPALIDAD PROVINCIAL DEL CUSCO
_cBIBLIOTECA MUNICIPAL DEL CUSCO
082 _a985.0061 /
_bIN63
110 _aInstituto nacional de cultura
_99
245 _aInventario nacional de monumentos arqueológicos :
_cLima metropolitana /
260 _aLima :
_c1985.
300 _a50 páginas ;
_bMapas, cuadros
_c35 cm.
505 _aContenido : Huaca Felicia Gomez -- Huaca grande -- Huaca señor de los milagros...
650 _aSitios arqueológicos
_97688
650 _aHuacas
_915463
942 _2ddc
_cFOLLETOS
945 _arcc